<?xml version="1.0" encoding="UTF-8"?>
<record
    xmlns:xsi="http://www.w3.org/2001/XMLSchema-instance"
    xsi:schemaLocation="http://www.loc.gov/MARC21/slim http://www.loc.gov/standards/marcxml/schema/MARC21slim.xsd"
    xmlns="http://www.loc.gov/MARC21/slim">

  <leader>00743nam a22002177a 4500</leader>
  <controlfield tag="005">20251127111401.0</controlfield>
  <controlfield tag="008">251127b        |||||||| |||| 00| 0 eng d</controlfield>
  <datafield tag="020" ind1=" " ind2=" ">
    <subfield code="a">9781912246182</subfield>
  </datafield>
  <datafield tag="040" ind1=" " ind2=" ">
    <subfield code="a">NVIC</subfield>
  </datafield>
  <datafield tag="245" ind1=" " ind2=" ">
    <subfield code="a">Beni Hassan:</subfield>
    <subfield code="b">Volume VII. The Burial Apartment of Baqet II</subfield>
  </datafield>
  <datafield tag="260" ind1=" " ind2=" ">
    <subfield code="a">Wallasey:</subfield>
    <subfield code="b">Abercromby Press,</subfield>
    <subfield code="c">2022</subfield>
  </datafield>
  <datafield tag="300" ind1=" " ind2=" ">
    <subfield code="a">268 p.,</subfield>
    <subfield code="b">ill.;</subfield>
    <subfield code="c">30 cm</subfield>
  </datafield>
  <datafield tag="440" ind1=" " ind2=" ">
    <subfield code="a">The Australian Centre for Egyptology;</subfield>
    <subfield code="n">Reports 46</subfield>
    <subfield code="9">2348</subfield>
  </datafield>
  <datafield tag="650" ind1=" " ind2=" ">
    <subfield code="a">Beni Hassan</subfield>
    <subfield code="x">Burial complexes</subfield>
    <subfield code="y">Ancient Egypt</subfield>
    <subfield code="9">2349</subfield>
  </datafield>
  <datafield tag="650" ind1=" " ind2=" ">
    <subfield code="a">Baqet II</subfield>
    <subfield code="x">Burial complexes</subfield>
    <subfield code="z">Beni Hassan</subfield>
    <subfield code="9">2350</subfield>
  </datafield>
  <datafield tag="700" ind1=" " ind2=" ">
    <subfield code="a">Naguib Kanawati</subfield>
    <subfield code="9">2351</subfield>
  </datafield>
  <datafield tag="700" ind1=" " ind2=" ">
    <subfield code="a">Martin Bommas</subfield>
    <subfield code="9">2352</subfield>
  </datafield>
  <datafield tag="700" ind1=" " ind2=" ">
    <subfield code="a">Zeinab Hashesh and Michael Schultz</subfield>
    <subfield code="9">2353</subfield>
  </datafield>
  <datafield tag="700" ind1=" " ind2=" ">
    <subfield code="a">Eman Khalifa</subfield>
    <subfield code="9">2354</subfield>
  </datafield>
  <datafield tag="942" ind1=" " ind2=" ">
    <subfield code="2">ddc</subfield>
    <subfield code="c">BK</subfield>
  </datafield>
  <datafield tag="999" ind1=" " ind2=" ">
    <subfield code="c">17000</subfield>
    <subfield code="d">17000</subfield>
  </datafield>
</record>
